[Event "Dos Hermanas Internet qual-B 10th"]
[Site "ICC INT"]
[Date "2009.03.13"]
[Round "9"]
[White "Delgado Ramirez, Neuris"]
[Black "Bodiroga, Predrag"]
[Result "1-0"]
[WhiteElo "2550"]
[BlackElo "2425"]
[PlyCount "113"]
[EventDate "2009.03.13"]
[EventType "swiss (blitz)"]
[EventRounds "12"]
[EventCountry "ESP"]
[SourceTitle "CBM 129 Extra"]
[Source "ChessBase"]
[SourceDate "2009.05.05"]
[SourceVersion "2"]
[SourceVersionDate "2009.05.20"]
[SourceQuality "1"]

1. e4 c6 2. c4 e5 3. Nf3 d6 4. d4 Nd7 5. Nc3 Ngf6 6. Bd3 Be7 7. Bc2 O-O 8. O-O
a6 9. Re1 b5 10. cxb5 axb5 11. b3 Qc7 12. Bb2 Re8 13. Rc1 Qb6 14. Bb1 Bb7 15.
h3 h6 16. Ne2 exd4 17. Nexd4 Bf8 18. Nf5 c5 19. e5 Bxf3 20. Qxf3 Nxe5 21. Nxh6+
gxh6 22. Qxf6 Bg7 23. Qf5 Ng6 24. Bxg7 Kxg7 25. Rcd1 Re5 26. Rxe5 dxe5 27. Rd7
Qf6 28. Qxf6+ Kxf6 29. Rd6+ Kg7 30. Rd5 c4 31. Rxb5 cxb3 32. Rxb3 Nf4 33. Kh2
h5 34. g3 Ne2 35. Re3 Nd4 36. Kg2 f6 37. h4 Rb8 38. Be4 Rb2 39. Bd5 Rd2 40. Rc3
Nc2 41. Be4 Nd4 42. Rc7+ Kf8 43. a4 Ra2 44. Ra7 Nb3 45. Bd5 Ra3 46. Bxb3 Rxb3
47. a5 Ra3 48. a6 Kg8 49. Kf1 f5 50. Ke2 e4 51. Kd2 Ra2+ 52. Ke3 Ra5 53. Kf4
Kh8 54. Kg5 Kg8 55. Kf6 Kh8 56. Kg6 Kg8 57. Ra8# 1-0

[Event "Dos Hermanas Internet qual-B 10th"]
[Site "ICC INT"]
[Date "2009.03.13"]
[Round "10"]
[White "Kaufman, Raymond"]
[Black "Delgado Ramirez, Neuris"]
[Result "0-1"]
[WhiteElo "2308"]
[BlackElo "2550"]
[PlyCount "72"]
[EventDate "2009.03.13"]
[EventType "swiss (blitz)"]
[EventRounds "12"]
[EventCountry "ESP"]
[SourceTitle "CBM 129 Extra"]
[Source "ChessBase"]
[SourceDate "2009.05.05"]
[SourceVersion "2"]
[SourceVersionDate "2009.05.20"]
[SourceQuality "1"]

1. d4 d5 2. c4 e6 3. Nc3 Be7 4. Nf3 Nf6 5. g3 O-O 6. Bg2 dxc4 7. O-O Nc6 8. e3
a6 9. Qe2 Na5 10. Ne5 Rb8 11. Nxc4 Nxc4 12. Qxc4 b5 13. Qd3 c5 14. d5 b4 15.
Ne4 Nxd5 16. Rd1 Bd7 17. Qc2 Qc7 18. b3 f5 19. Nd2 Nc3 20. Re1 Bf6 21. Bb2 Rfd8
22. Nc4 Bb5 23. e4 Bxc4 24. bxc4 fxe4 25. Bxe4 Nxe4 26. Rxe4 Bxb2 27. Qxb2 Qc6
28. Rae1 Rd6 29. Qe5 Rbd8 30. Rg4 R8d7 31. Qh5 Rf7 32. h3 Qf3 33. Rf1 Rd1 34.
Rxd1 Qxf2+ 35. Kh1 Qf3+ 36. Kh2 Qe2+ 0-1

[Event "Dos Hermanas Internet qual-B 10th"]
[Site "ICC INT"]
[Date "2009.03.13"]
[Round "11"]
[White "Delgado Ramirez, Neuris"]
[Black "Rodriguez, Eric"]
[Result "1-0"]
[WhiteElo "2550"]
[BlackElo "2250"]
[PlyCount "75"]
[EventDate "2009.03.13"]
[EventType "swiss (blitz)"]
[EventRounds "12"]
[EventCountry "ESP"]
[SourceTitle "CBM 129 Extra"]
[Source "ChessBase"]
[SourceDate "2009.05.05"]
[SourceVersion "2"]
[SourceVersionDate "2009.05.20"]
[SourceQuality "1"]

1. e4 e5 2. Nf3 Nc6 3. Bb5 a6 4. Ba4 Nf6 5. Bxc6 dxc6 6. d3 Nd7 7. Nc3 Bd6 8.
Be3 Nf8 9. Ne2 c5 10. Qd2 a5 11. Ng3 Ng6 12. Nf5 Bxf5 13. exf5 Ne7 14. Qc3 Nxf5
15. Bxc5 f6 16. Bxd6 Qxd6 17. O-O b6 18. Qc4 Rd8 19. Rfe1 Kf8 20. a3 g6 21. b4
Ra8 22. d4 axb4 23. dxe5 fxe5 24. Nxe5 Qe7 25. Nxg6+ hxg6 26. Rxe7 Nxe7 27.
Qxb4 Kf7 28. Qc4+ Kg7 29. Qxc7 Rhe8 30. Qxb6 Nf5 31. Qb7+ Kh6 32. h3 Rac8 33.
a4 Rxc2 34. a5 Ree2 35. a6 Rxf2 36. a7 Nh4 37. a8=Q Nf3+ 38. Qxf3 1-0

[Event "Dos Hermanas Internet qual-C 10th"]
[Site "ICC INT"]
[Date "2009.03.14"]
[Round "2"]
[White "Eiriksson Vikingur, Fjalar"]
[Black "Delgado Ramirez, Neuris"]
[Result "0-1"]
[WhiteElo "1882"]
[BlackElo "2550"]
[PlyCount "56"]
[EventDate "2009.03.14"]
[EventType "swiss (blitz)"]
[EventRounds "12"]
[EventCountry "ESP"]
[SourceTitle "CBM 129 Extra"]
[Source "ChessBase"]
[SourceDate "2009.05.05"]
[SourceVersion "2"]
[SourceVersionDate "2009.05.20"]
[SourceQuality "1"]

1. e4 c5 2. Nf3 Nc6 3. d4 cxd4 4. Nxd4 Nf6 5. Nc3 d6 6. Bc4 e6 7. Bb3 Be7 8.
O-O O-O 9. f4 Nxd4 10. Qxd4 b6 11. e5 dxe5 12. Qxd8 Rxd8 13. fxe5 Bc5+ 14. Kh1
Ng4 15. Bf4 Nf2+ 16. Rxf2 Bxf2 17. Nb5 Bc5 18. c3 Bd7 19. Nd4 Bxd4 20. cxd4 Bc6
21. Rc1 Rac8 22. Rd1 Bd5 23. Bxd5 Rxd5 24. h3 Rc2 25. Be3 h6 26. Rd3 Rxb2 27.
Ra3 Ra5 28. Rc3 Raxa2 0-1

[Event "Dos Hermanas Internet qual-C 10th"]
[Site "ICC INT"]
[Date "2009.03.14"]
[Round "5"]
[White "Delgado Ramirez, Neuris"]
[Black "Echavarria, Johann"]
[Result "1-0"]
[WhiteElo "2550"]
[BlackElo "2379"]
[PlyCount "53"]
[EventDate "2009.03.14"]
[EventType "swiss (blitz)"]
[EventRounds "12"]
[EventCountry "ESP"]
[SourceTitle "CBM 129 Extra"]
[Source "ChessBase"]
[SourceDate "2009.05.05"]
[SourceVersion "2"]
[SourceVersionDate "2009.05.20"]
[SourceQuality "1"]

1. e4 c5 2. Nf3 Nc6 3. Bb5 g6 4. Bxc6 bxc6 5. d3 Bg7 6. h3 d6 7. O-O e5 8. Re1
Nh6 9. c3 f5 10. d4 fxe4 11. Rxe4 cxd4 12. cxd4 d5 13. Bxh6 dxe4 14. Bxg7 exf3
15. Bxh8 e4 16. Qd2 Bxh3 17. gxh3 Qh4 18. Kh2 g5 19. Bf6 h6 20. Nc3 Kf7 21. Be5
Rf8 22. Bg3 Qh5 23. Nxe4 Kg8 24. Re1 g4 25. h4 Qd5 26. Qxh6 Qxd4 27. Ng5 1-0

[Event "Dos Hermanas Internet qual-C 10th"]
[Site "ICC INT"]
[Date "2009.03.14"]
[Round "6"]
[White "Meenakshi, Subbaraman"]
[Black "Delgado Ramirez, Neuris"]
[Result "0-1"]
[WhiteElo "2327"]
[BlackElo "2550"]
[PlyCount "84"]
[EventDate "2009.03.14"]
[EventType "swiss (blitz)"]
[EventRounds "12"]
[EventCountry "ESP"]
[SourceTitle "CBM 129 Extra"]
[Source "ChessBase"]
[SourceDate "2009.05.05"]
[SourceVersion "2"]
[SourceVersionDate "2009.05.20"]
[SourceQuality "1"]

1. d4 d5 2. c4 e6 3. Nc3 Nf6 4. cxd5 exd5 5. Bg5 c6 6. e3 Bf5 7. Bxf6 Qxf6 8.
Qb3 Bc8 9. Nf3 Bd6 10. Bd3 O-O 11. O-O Nd7 12. e4 dxe4 13. Nxe4 Qe7 14. Rfe1
Nf6 15. Nxd6 Qxd6 16. Rad1 b6 17. Be4 Be6 18. Qc2 Nxe4 19. Qxe4 Bxa2 20. Ne5
Bd5 21. Qh4 Rae8 22. Re3 Re6 23. Rde1 Rfe8 24. h3 f6 25. Ng4 a5 26. Rxe6 Rxe6
27. Rxe6 Bxe6 28. Ne3 b5 29. Qe4 g6 30. Qf3 Kg7 31. Qe4 a4 32. Qd3 b4 33. Qc2
a3 34. bxa3 bxa3 35. g3 a2 36. Qb2 Bd5 37. Qb7+ Bf7 38. Qb2 Qd7 39. Ng4 Qa7 40.
Qa1 Qb6 41. d5 Qb1+ 42. Qxb1 axb1=Q+ 0-1

[Event "Dos Hermanas Internet qual-C 10th"]
[Site "ICC INT"]
[Date "2009.03.14"]
[Round "7"]
[White "Delgado Ramirez, Neuris"]
[Black "Bauza, Alejandro"]
[Result "1-0"]
[WhiteElo "2550"]
[BlackElo "2205"]
[PlyCount "131"]
[EventDate "2009.03.14"]
[EventType "swiss (blitz)"]
[EventRounds "12"]
[EventCountry "ESP"]
[SourceTitle "CBM 129 Extra"]
[Source "ChessBase"]
[SourceDate "2009.05.05"]
[SourceVersion "2"]
[SourceVersionDate "2009.05.20"]
[SourceQuality "1"]

1. e4 c5 2. Nf3 Nc6 3. Bb5 g6 4. Bxc6 dxc6 5. d3 Bg7 6. h3 e5 7. Nc3 f6 8. Be3
b6 9. a3 Nh6 10. b4 cxb4 11. axb4 Be6 12. O-O Nf7 13. Ra6 Qd7 14. Qa1 O-O 15.
Bxb6 f5 16. Rxa7 Rxa7 17. Qxa7 fxe4 18. Qxd7 Bxd7 19. Nxe4 Rb8 20. Bc5 h6 21.
Ra1 g5 22. Ra7 Be6 23. Re7 Bd5 24. c4 Bxe4 25. dxe4 Bf8 26. Re6 Bxc5 27. bxc5
Rb1+ 28. Kh2 Rc1 29. Nxe5 Nxe5 30. Rxe5 Rxc4 31. f3 Kf7 32. Kg3 Kf6 33. Rf5+
Kg6 34. h4 gxh4+ 35. Kxh4 Rc2 36. g4 Rh2+ 37. Kg3 Rc2 38. Kf4 Rc4 39. Re5 Kf6
40. Rh5 Kg6 41. Ke3 Rc3+ 42. Ke2 Rc4 43. Kd3 Rc1 44. Re5 Rf1 45. Ke3 Rc1 46. f4
Kf6 47. Rh5 Kg6 48. Re5 Rc3+ 49. Kd4 Rf3 50. Re6+ Kf7 51. Ke5 Rg3 52. Rxh6 Rxg4
53. Rxc6 Rh4 54. Rc7+ Ke8 55. f5 Rh6 56. f6 Rh1 57. Ke6 Kd8 58. Ra7 Rf1 59. e5
Kc8 60. c6 Kd8 61. Rh7 Kc8 62. f7 Kd8 63. c7+ Kc8 64. Rh8+ Kxc7 65. f8=Q Rxf8
66. Rxf8 1-0

[Event "Dos Hermanas Internet qual-C 10th"]
[Site "ICC INT"]
[Date "2009.03.14"]
[Round "8"]
[White "Corrales Jimenez, Fidel"]
[Black "Delgado Ramirez, Neuris"]
[Result "1-0"]
[WhiteElo "2586"]
[BlackElo "2550"]
[PlyCount "87"]
[EventDate "2009.03.14"]
[EventType "swiss (blitz)"]
[EventRounds "12"]
[EventCountry "ESP"]
[SourceTitle "CBM 129 Extra"]
[Source "ChessBase"]
[SourceDate "2009.05.05"]
[SourceVersion "2"]
[SourceVersionDate "2009.05.20"]
[SourceQuality "1"]

1. e4 c5 2. Nf3 d6 3. d4 cxd4 4. Nxd4 Nf6 5. Nc3 Nc6 6. Nb3 e6 7. Bd3 a6 8. O-O
Be7 9. a4 b6 10. f4 Bb7 11. Qf3 Qc7 12. Qh3 Nb4 13. Kh1 h5 14. Be3 Ng4 15. Bg1
d5 16. e5 g6 17. Rac1 Bc6 18. Be2 Nh6 19. Nd4 Bd7 20. Bf2 Bc5 21. Nb3 Nf5 22.
Bd3 Nh6 23. Bh4 Ng4 24. Be2 Nh6 25. Bf6 Rh7 26. Nxc5 bxc5 27. Nd1 d4 28. c3
dxc3 29. bxc3 Nd5 30. Ne3 Nxf6 31. exf6 Bc6 32. Nc4 Kf8 33. Ne5 Rc8 34. Bf3
Bxf3 35. Rxf3 Nf5 36. Rd3 c4 37. Rd2 h4 38. Rcd1 g5 39. Rd7 Qa5 40. fxg5 Kg8
41. g6 fxg6 42. Rxh7 Kxh7 43. Rd7+ Kg8 44. Qg4 1-0

[Event "Dos Hermanas Internet qual-C 10th"]
[Site "ICC INT"]
[Date "2009.03.14"]
[Round "10"]
[White "Shankland, Samuel L"]
[Black "Delgado Ramirez, Neuris"]
[Result "0-1"]
[WhiteElo "2453"]
[BlackElo "2550"]
[PlyCount "64"]
[EventDate "2009.03.14"]
[EventType "swiss (blitz)"]
[EventRounds "12"]
[EventCountry "ESP"]
[SourceTitle "CBM 129 Extra"]
[Source "ChessBase"]
[SourceDate "2009.05.05"]
[SourceVersion "2"]
[SourceVersionDate "2009.05.20"]
[SourceQuality "1"]

1. d4 d5 2. c4 e6 3. Nf3 Nf6 4. g3 Bb4+ 5. Bd2 Be7 6. Bg2 O-O 7. O-O c6 8. Bf4
Nbd7 9. Nc3 b6 10. Qa4 Bb7 11. Rac1 a6 12. cxd5 cxd5 13. Qb3 b5 14. Ne5 Nb6 15.
a4 b4 16. a5 Nc4 17. Na2 Qxa5 18. Nxc4 dxc4 19. Rxc4 Bxg2 20. Kxg2 Qd5+ 21. f3
a5 22. e4 Qd8 23. Qc2 Qb6 24. b3 h6 25. Rc1 Rfe8 26. Rc6 Qxd4 27. Rd1 Qa7 28.
Rc7 Qa6 29. Rc6 Rac8 30. Rxa6 Rxc2+ 31. Rd2 Rec8 32. e5 Nd5 0-1

[Event "Dos Hermanas Internet qual-C 10th"]
[Site "ICC INT"]
[Date "2009.03.14"]
[Round "11"]
[White "Delgado Ramirez, Neuris"]
[Black "Aveskulov, Valeriy"]
[Result "1-0"]
[WhiteElo "2550"]
[BlackElo "2526"]
[PlyCount "117"]
[EventDate "2009.03.14"]
[EventType "swiss (blitz)"]
[EventRounds "12"]
[EventCountry "ESP"]
[SourceTitle "CBM 129 Extra"]
[Source "ChessBase"]
[SourceDate "2009.05.05"]
[SourceVersion "2"]
[SourceVersionDate "2009.05.20"]
[SourceQuality "1"]

1. e4 c5 2. Nf3 d6 3. Bb5+ Nc6 4. c3 Nf6 5. Qe2 Bd7 6. O-O Qc7 7. Rd1 a6 8. Ba4
b5 9. Bc2 e5 10. d4 Be7 11. d5 Nb8 12. Nbd2 O-O 13. Nf1 Re8 14. h3 g6 15. b3
Bf8 16. g4 Bg7 17. Ng3 Bc8 18. Kh2 Nbd7 19. Rg1 Kh8 20. Ng5 Nf8 21. Bd2 Qd7 22.
Kh1 Ra7 23. Raf1 h6 24. Nf3 N6h7 25. a4 bxa4 26. bxa4 Qd8 27. Rg2 Rb7 28. Bc1
a5 29. Bd3 Rb6 30. Bb5 Bd7 31. c4 Rb7 32. Bd2 Qc7 33. Rb1 Reb8 34. Qe1 Ra8 35.
Qc1 Bxb5 36. cxb5 c4 37. Bxh6 c3 38. Bxg7+ Kxg7 39. Nh4 Kh8 40. Qh6 Qe7 41. Nf3
Qf6 42. Qe3 Qf4 43. Qxc3 Rbb8 44. Qe3 Qxe3 45. fxe3 Rc8 46. b6 Nd7 47. b7 Rab8
48. bxc8=Q+ Rxc8 49. Rb5 Rc1+ 50. Kh2 Rc3 51. Re2 Nc5 52. Rxa5 Nf6 53. Ra8+ Kg7
54. a5 Nfxe4 55. Nxe4 Nxe4 56. a6 Nc5 57. a7 Ra3 58. Ng5 Ne4 59. Nxe4 1-0

[Event "Dos Hermanas Internet qual-C 10th"]
[Site "ICC INT"]
[Date "2009.03.14"]
[Round "12"]
[White "Sargissian, Gabriel"]
[Black "Delgado Ramirez, Neuris"]
[Result "1-0"]
[WhiteElo "2677"]
[BlackElo "2550"]
[PlyCount "67"]
[EventDate "2009.03.14"]
[EventType "swiss (blitz)"]
[EventRounds "12"]
[EventCountry "ESP"]
[SourceTitle "CBM 129 Extra"]
[Source "ChessBase"]
[SourceDate "2009.05.05"]
[SourceVersion "2"]
[SourceVersionDate "2009.05.20"]
[SourceQuality "1"]

1. d4 d5 2. c4 e6 3. Nf3 Nf6 4. g3 Bb4+ 5. Nc3 O-O 6. Bg2 dxc4 7. O-O Nc6 8.
Bg5 a6 9. e3 Be7 10. Nd2 Na5 11. Qe2 Rb8 12. Nxc4 Nxc4 13. Qxc4 b5 14. Qb3 Bb7
15. Bxb7 Rxb7 16. a4 b4 17. Bxf6 gxf6 18. Ne2 c5 19. Rfd1 Qa5 20. Rac1 Rc8 21.
d5 Qb6 22. Nf4 e5 23. Nh5 f5 24. d6 Bxd6 25. Qd3 e4 26. Qxd6 Qxd6 27. Rxd6 Rbc7
28. Nf6+ Kg7 29. Nd5 Rb7 30. Nb6 Rcc7 31. a5 c4 32. Rxc4 Rxc4 33. Nxc4 Rc7 34.
b3 1-0

[Event "Dos Hermanas Internet qual-D 10th"]
[Site "ICC INT"]
[Date "2009.03.14"]
[Round "3"]
[White "Sokolin, Leonid M"]
[Black "Delgado Ramirez, Neuris"]
[Result "1-0"]
[WhiteElo "2508"]
[BlackElo "2550"]
[PlyCount "109"]
[EventDate "2009.03.14"]
[EventType "swiss (blitz)"]
[EventRounds "12"]
[EventCountry "ESP"]
[SourceTitle "EXT 2010"]
[Source "ChessBase"]
[SourceDate "2010.11.25"]
[SourceVersion "1"]
[SourceVersionDate "2010.11.25"]
[SourceQuality "1"]

1. d4 d5 2. c4 e6 3. Nf3 Nf6 4. g3 Bb4+ 5. Nbd2 O-O 6. Bg2 dxc4 7. O-O b5 8. a4
c6 9. Ne5 Nd5 10. e4 Nf6 11. Nef3 a5 12. e5 Nd5 13. Ne4 Nd7 14. Bg5 Be7 15.
Bxe7 Qxe7 16. h4 f6 17. exf6 N7xf6 18. Nxf6+ gxf6 19. Re1 Bd7 20. Qc1 Kh8 21.
h5 Rg8 22. h6 Qd6 23. Nd2 Ra7 24. Ne4 Qf8 25. Nc5 Qf7 26. Qd2 b4 27. Rac1 c3
28. bxc3 Nxc3 29. Bh3 Bc8 30. Nxe6 Re7 31. Nf4 Bxh3 32. Nxh3 Nd5 33. Nf4 Rxe1+
34. Rxe1 b3 35. Nxd5 Qxd5 36. Qf4 Qf7 37. Rb1 Rf8 38. Qd6 Re8 39. Qxc6 Rb8 40.
d5 b2 41. Qc2 Qb7 42. d6 Kg8 43. d7 Qxd7 44. Rxb2 Rxb2 45. Qxb2 Qxa4 46. Qxf6
Qd1+ 47. Kg2 Qd5+ 48. Kh2 Qd7 49. Qg5+ Kf8 50. Qxa5 Qg4 51. Qd8+ Kf7 52. Qc7+
Kg6 53. Qg7+ Kf5 54. Qxg4+ Kxg4 55. Kg2 1-0

[Event "Dos Hermanas Internet qual-D 10th"]
[Site "ICC INT"]
[Date "2009.03.14"]
[Round "5"]
[White "Mussanti, Diego"]
[Black "Delgado Ramirez, Neuris"]
[Result "0-1"]
[WhiteElo "2327"]
[BlackElo "2550"]
[PlyCount "86"]
[EventDate "2009.03.14"]
[EventType "swiss (blitz)"]
[EventRounds "12"]
[EventCountry "ESP"]
[SourceTitle "EXT 2010"]
[Source "ChessBase"]
[SourceDate "2010.11.25"]
[SourceVersion "1"]
[SourceVersionDate "2010.11.25"]
[SourceQuality "1"]

1. e4 c5 2. Nf3 d6 3. d4 cxd4 4. Nxd4 Nf6 5. Nc3 Nc6 6. Bc4 e5 7. Nb3 Be6 8.
Bd5 Be7 9. O-O O-O 10. Qe2 Bxd5 11. exd5 Nb8 12. f4 exf4 13. Bxf4 Re8 14. Kh1
Nbd7 15. Nd4 Bf8 16. Qf2 g6 17. Bg5 Bg7 18. Ncb5 Qb6 19. Rab1 a6 20. Nc3 Re5
21. Bf4 Re7 22. Bg5 Rae8 23. b3 Ng4 24. Qg3 Qxd4 25. Bxe7 Rxe7 26. Qxd6 Bf8 27.
Qf4 Qxc3 28. Qxg4 Qxc2 29. Rbc1 Qd2 30. Rfd1 Qe3 31. d6 Re6 32. h3 Nf6 33. Qb4
Rxd6 34. Qxb7 Ne4 35. Re1 Ng3+ 36. Kh2 Qf4 37. Rc4 Qf2 38. Re8 Nf1+ 39. Kh1 Rd1
40. Rxf8+ Kxf8 41. Qb8+ Kg7 42. Qe5+ Qf6 43. Qe6 Qxe6 0-1

[Event "Dos Hermanas Internet qual-D 10th"]
[Site "ICC INT"]
[Date "2009.03.14"]
[Round "6"]
[White "Delgado Ramirez, Neuris"]
[Black "Herman, Matthew J"]
[Result "1-0"]
[WhiteElo "2550"]
[BlackElo "2149"]
[PlyCount "81"]
[EventDate "2009.03.14"]
[EventType "swiss (blitz)"]
[EventRounds "12"]
[EventCountry "ESP"]
[SourceTitle "EXT 2010"]
[Source "ChessBase"]
[SourceDate "2010.11.25"]
[SourceVersion "1"]
[SourceVersionDate "2010.11.25"]
[SourceQuality "1"]

1. e4 c5 2. Nf3 d6 3. Bb5+ Nd7 4. c3 a6 5. Ba4 b5 6. Bc2 e6 7. O-O Ngf6 8. Qe2
Be7 9. d4 cxd4 10. cxd4 Bb7 11. a3 O-O 12. Nc3 Rc8 13. Rd1 Rc7 14. Bf4 Qa8 15.
Re1 Rfc8 16. Rad1 Rxc3 17. bxc3 Rxc3 18. Bc1 Rxc2 19. Qxc2 Bxe4 20. Qe2 h6 21.
Bd2 Bd5 22. Rc1 Qb7 23. Ba5 Nb6 24. Bxb6 Qxb6 25. Rc8+ Kh7 26. Qc2+ g6 27. Qc7
Qxc7 28. Rxc7 Ng8 29. Ra7 Kg7 30. Rxa6 Bf6 31. Rd1 Ne7 32. Rxd6 Nf5 33. Rb6
Bxf3 34. gxf3 Nxd4 35. Kg2 e5 36. Rxd4 exd4 37. Rxb5 Be7 38. a4 Kf6 39. Kf1 Ke6
40. Ke2 Kd6 41. Kd3 1-0

[Event "Dos Hermanas Internet qual-D 10th"]
[Site "ICC INT"]
[Date "2009.03.14"]
[Round "7"]
[White "Hess, Robert L"]
[Black "Delgado Ramirez, Neuris"]
[Result "1-0"]
[WhiteElo "2483"]
[BlackElo "2550"]
[PlyCount "59"]
[EventDate "2009.03.14"]
[EventType "swiss (blitz)"]
[EventRounds "12"]
[EventCountry "ESP"]
[SourceTitle "EXT 2010"]
[Source "ChessBase"]
[SourceDate "2010.11.25"]
[SourceVersion "1"]
[SourceVersionDate "2010.11.25"]
[SourceQuality "1"]

1. e4 c5 2. Nc3 Nc6 3. g3 d6 4. Bg2 e5 5. d3 h5 6. f4 h4 7. f5 Be7 8. Be3 g6 9.
g4 Bg5 10. Qd2 Bxe3 11. Qxe3 Nd4 12. O-O-O g5 13. Kb1 f6 14. Nd5 b5 15. c3 Nc6
16. Ne2 b4 17. cxb4 Nd4 18. bxc5 dxc5 19. Nxd4 cxd4 20. Qc1 Rh7 21. Qc6+ Bd7
22. Nc7+ Ke7 23. Qxa8 Qxc7 24. Qxg8 Rf7 25. Rc1 Qb7 26. Rc4 Bb5 27. Rhc1 Bxc4
28. Rxc4 Kd6 29. Qd8+ Qd7 30. Qb8+ 1-0

[Event "Dos Hermanas Internet qual-D 10th"]
[Site "ICC INT"]
[Date "2009.03.14"]
[Round "8"]
[White "Delgado Ramirez, Neuris"]
[Black "Burgess, Jon Lee"]
[Result "1-0"]
[WhiteElo "2550"]
[BlackElo "2230"]
[PlyCount "61"]
[EventDate "2009.03.14"]
[EventType "swiss (blitz)"]
[EventRounds "12"]
[EventCountry "ESP"]
[SourceTitle "EXT 2010"]
[Source "ChessBase"]
[SourceDate "2010.11.25"]
[SourceVersion "1"]
[SourceVersionDate "2010.11.25"]
[SourceQuality "1"]

1. e4 c6 2. c4 d6 3. d4 Nd7 4. Nc3 e5 5. Nf3 Ngf6 6. Bd3 Be7 7. O-O O-O 8. Bc2
Qc7 9. Re1 Re8 10. b3 Nf8 11. Bb2 Ng6 12. Rc1 Bg4 13. h3 Bxf3 14. gxf3 Nf4 15.
Ne2 Nxh3+ 16. Kg2 Qc8 17. Rh1 Ng5 18. Ng3 Bf8 19. c5 Ne6 20. cxd6 Nf4+ 21. Kf1
Bxd6 22. Nf5 Bc7 23. dxe5 Bxe5 24. Nd6 Bxd6 25. Qxd6 N4h5 26. e5 Rd8 27. Qc5
Nd7 28. Qe7 Nf4 29. Bxh7+ Kh8 30. Bg6+ Kg8 31. Qxf7# 1-0

[Event "Dos Hermanas Internet qual-D 10th"]
[Site "ICC INT"]
[Date "2009.03.14"]
[Round "9"]
[White "Hughes, Tyler B"]
[Black "Delgado Ramirez, Neuris"]
[Result "0-1"]
[WhiteElo "2133"]
[BlackElo "2550"]
[PlyCount "104"]
[EventDate "2009.03.14"]
[EventType "swiss (blitz)"]
[EventRounds "12"]
[EventCountry "ESP"]
[SourceTitle "EXT 2010"]
[Source "ChessBase"]
[SourceDate "2010.11.25"]
[SourceVersion "1"]
[SourceVersionDate "2010.11.25"]
[SourceQuality "1"]

1. d4 Nf6 2. c4 e6 3. Nc3 Bb4 4. f3 d5 5. a3 Bxc3+ 6. bxc3 O-O 7. cxd5 exd5 8.
e3 b6 9. Bd3 Ba6 10. Ne2 c5 11. Ng3 Bxd3 12. Qxd3 Nc6 13. O-O Re8 14. Bb2 Na5
15. Rae1 Nc4 16. Bc1 b5 17. e4 dxe4 18. fxe4 Qb6 19. e5 Nd5 20. Qf3 Qe6 21. Ne4
cxd4 22. cxd4 Rf8 23. Ng5 Qd7 24. Qd3 g6 25. Ne4 f5 26. Nc5 Qe7 27. e6 Rad8 28.
a4 Ndb6 29. axb5 Rfe8 30. Qc3 Rd5 31. Be3 Qd6 32. Ra1 Nxe3 33. Qxe3 Rxd4 34.
Rfc1 Nc4 35. Nb7 Nxe3 36. Nxd6 Rxd6 37. Rxa7 Nd5 38. Rd1 Rexe6 39. b6 Nxb6 40.
Rb1 Rf6 41. h4 Rf7 42. Ra6 Nc4 43. Ra8+ Kg7 44. Rbb8 Ne3 45. Rg8+ Kh6 46. Ra3
f4 47. g3 Rd2 48. gxf4 Rc7 49. Ra1 Rcc2 50. Re8 Rg2+ 51. Kh1 Rh2+ 52. Kg1 Rcg2#
0-1

[Event "Dos Hermanas Internet qual-D 10th"]
[Site "ICC INT"]
[Date "2009.03.14"]
[Round "10"]
[White "Delgado Ramirez, Neuris"]
[Black "Dziuba, Marcin"]
[Result "0-1"]
[WhiteElo "2550"]
[BlackElo "2556"]
[PlyCount "100"]
[EventDate "2009.03.14"]
[EventType "swiss (blitz)"]
[EventRounds "12"]
[EventCountry "ESP"]
[SourceTitle "EXT 2010"]
[Source "ChessBase"]
[SourceDate "2010.11.25"]
[SourceVersion "1"]
[SourceVersionDate "2010.11.25"]
[SourceQuality "1"]

1. e4 c5 2. Nf3 d6 3. Bc4 Nc6 4. c3 Nf6 5. d3 g6 6. Bb3 Bg7 7. Nbd2 O-O 8. O-O
b6 9. Re1 Bb7 10. Nf1 Rc8 11. Bc2 b5 12. h3 Nd7 13. Bd2 b4 14. Qc1 Re8 15. Bb3
Na5 16. Bh6 Bh8 17. Ba4 Bc6 18. Bxc6 Nxc6 19. Ng3 Qa5 20. Bd2 Rb8 21. Nh2 bxc3
22. Bxc3 Bxc3 23. bxc3 Qb5 24. Qe3 Nde5 25. Rad1 Qa5 26. f4 Nd7 27. f5 Qxc3 28.
Kh1 Qd4 29. Qh6 Qg7 30. Qh4 Nde5 31. Rf1 f6 32. Qf4 Rb2 33. Rd2 Reb8 34. Rxb2
Rxb2 35. Qc1 Rb6 36. Qa3 Qh6 37. fxg6 hxg6 38. Ne2 Qe3 39. Nf4 Qd2 40. Nd5 Rb2
41. Rg1 Nxd3 42. Ng4 Nce5 43. Nxe7+ Kf8 44. Nxe5 dxe5 45. Nxg6+ Kg7 46. Qa4
Kxg6 47. Qe8+ Kg5 48. Qe6 Nf2+ 49. Kh2 Qf4+ 50. g3 Ng4+ 0-1

[Event "Dos Hermanas Internet qual-E 10th"]
[Site "ICC INT"]
[Date "2009.03.15"]
[Round "2"]
[White "Vasta, Eduardo"]
[Black "Delgado Ramirez, Neuris"]
[Result "0-1"]
[WhiteElo "2353"]
[BlackElo "2550"]
[PlyCount "48"]
[EventDate "2009.03.15"]
[EventType "swiss (blitz)"]
[EventRounds "12"]
[EventCountry "ESP"]
[SourceTitle "CBM 129 Extra"]
[Source "ChessBase"]
[SourceDate "2009.05.05"]
[SourceVersion "2"]
[SourceVersionDate "2009.05.20"]
[SourceQuality "1"]

1. e4 c5 2. d4 cxd4 3. c3 Nf6 4. e5 Nd5 5. Bc4 Qc7 6. Qe2 Nb6 7. Bd3 Nc6 8. Nf3
Nb4 9. O-O Nxd3 10. Qxd3 e6 11. cxd4 d6 12. Nc3 Bd7 13. Bf4 Qc4 14. Qe3 Nd5 15.
Nxd5 Qxd5 16. Rac1 Bc6 17. exd6 Bxd6 18. Bxd6 Qxd6 19. Ne5 Bd5 20. Qg3 O-O 21.
b3 Rac8 22. Rc3 f6 23. Nc4 Qxg3 24. hxg3 b5 0-1

[Event "Dos Hermanas Internet qual-E 10th"]
[Site "ICC INT"]
[Date "2009.03.15"]
[Round "3"]
[White "Delgado Ramirez, Neuris"]
[Black "Freeke, Matthieu"]
[Result "0-1"]
[WhiteElo "2550"]
[BlackElo "2304"]
[PlyCount "118"]
[EventDate "2009.03.15"]
[EventType "swiss (blitz)"]
[EventRounds "12"]
[EventCountry "ESP"]
[SourceTitle "CBM 129 Extra"]
[Source "ChessBase"]
[SourceDate "2009.05.05"]
[SourceVersion "2"]
[SourceVersionDate "2009.05.20"]
[SourceQuality "1"]

1. e4 e5 2. Nf3 Nc6 3. Bb5 a6 4. Ba4 Nf6 5. Qe2 b5 6. Bb3 Be7 7. c3 d6 8. d4
O-O 9. O-O Bg4 10. Rd1 Qd7 11. h3 Bh5 12. Bc2 Rfe8 13. d5 Na5 14. Nbd2 c6 15.
b4 Nb7 16. c4 Rac8 17. cxb5 axb5 18. dxc6 Qxc6 19. Bd3 Red8 20. Bxb5 Qc3 21.
Rb1 Bg6 22. Bb2 Qc7 23. a4 Rf8 24. Rbc1 Qb8 25. a5 Nd8 26. Rxc8 Qxc8 27. Bd3
Ne6 28. g3 Qb7 29. b5 Nc5 30. Bb1 Nfxe4 31. Nxe4 Nxe4 32. a6 Qa8 33. b6 Nc5 34.
a7 Qb7 35. Bxg6 hxg6 36. Ra1 Ra8 37. Nxe5 Qxb6 38. Nc4 Qb7 39. Re1 Bf8 40. Bd4
Rxa7 41. Bxc5 dxc5 42. h4 Ra8 43. h5 gxh5 44. Qxh5 Qa6 45. Re4 Rb8 46. Rh4 Qh6
47. Qg4 Rb1+ 48. Kg2 Qg6 49. Qf4 Qc6+ 50. f3 Qg6 51. Ne5 Rb2+ 52. Kh3 Qe6+ 53.
g4 f6 54. Qe4 fxe5 55. Qh7+ Kf7 56. Rh5 Ke7 57. Rf5 Re2 58. Rxe5 Kd6 59. Qh6
Rxe5 0-1